000 00446nam a2200157 i 4500
001 41744
003 ES-MaACL
005 20230906160502.0
007 t|
008 030311s1965 sp ||||1| spa d
100 1 _aCasanueva, Bernardo.
_936137
245 1 3 _aLa fuente de tres caños /
_cBernardo Casanueva.
260 _aSantander :
_bRevista Humanidades,
_c1965.
300 _a103 p., 2 lám. ;
_c25 cm.
852 _aES-MaACL
_jC-28438
_bR.57524
999 _c41744
_d41744